Traité pratique de droit civil francais

Պահպանված է:
Մատենագիտական մանրամասներ
Հիմնական հեղինակներ: Planiol, Marcel (Հեղինակ), Ripert, Georges (Հեղինակ)
Ձևաչափ: Գիրք
Լեզու:ֆրանսերեն
Հրապարակվել է: París Librairie Générale de Droit et de Jurisprudence 1952
Հրատարակություն:2a. ed
Խորագրեր:
Ցուցիչներ: Ավելացրեք ցուցիչ
Չկան պիտակներ, Եղեք առաջինը, ով նշում է այս գրառումը!

MARC

LEADER 00000nam a2200000 a 4500
001 UCS1801
003 CL-VaPUC
008 970515e19520000FR |||||||||||||||||fre|d
082 0 4 |a 346.44  |b PLA  |2 21 
100 0 |a Planiol, Marcel  |e author  |9 386599 
700 0 |a Ripert, Georges  |e author  |9 386600 
245 1 0 |a Traité pratique de droit civil francais 
250 |a 2a. ed 
300 |a 14 v 
942 |c BK 
945 |d 19970515 00:00:00  |a paguirre 
260 |a París  |b Librairie Générale de Droit et de Jurisprudence  |c 1952 
500 |a v.1: Les personnes, état et capacité 
500 |a v.2: La famille, mariage, divorce, fiiation 
500 |a v.3: Les biens 
500 |a v.4: Successions 
500 |a v.5: Donations et testaments 
500 |a v.6: Obligations, première partie 
500 |a v.7: Obligations, deuxième partie 
500 |a v.8: Les régimes matrimoniaux, première partie 
500 |a v.9: Les régimes matrimoniaux, deuxième partie 
500 |a v.10: Contrats civils 
500 |a v.11: Contrats civils, deuxième partie 
500 |a v.12: Suretés réelles 
500 |a v.13: Suretés réelles 
500 |a v.14: Mise a jour 
650 0 |a Derecho civil  |9 255013 
650 7 |a PERSONA  |2 CL-VaPUC  |9 327934 
650 7 |a ESTADO CIVIL  |2 CL-VaPUC  |9 386601 
650 7 |a CAPACIDAD LEGAL  |2 CL-VaPUC  |9 257162 
650 0 |a Derecho de familia  |9 255603 
650 0 |a Familias   |9 255641 
650 7 |a MATRIMONIO  |2 CL-VaPUC  |9 386602 
650 0 |a Divorcio  |9 256204 
650 0 |a Filiación  |9 256647 
650 0 |a Bienes  |9 255749 
650 0 |a Propiedad   |9 255268 
650 0 |a Usufructo  |9 256763 
650 0 |a Posesión   |9 258681 
650 0 |a Derecho sucesorio  |9 255015 
650 0 |a Herencia  |9 256325 
650 0 |a Herederos  |9 357054 
650 0 |a Donación   |9 255016 
650 0 |a Donación entre vivos  |9 385867 
650 0 |a Testamento  |9 258220 
650 0 |a Obligaciones   |9 255578 
650 0 |a Contratos  |9 255153 
650 0 |a Responsabilidad contractual  |9 256720 
650 0 |a Regímenes matrimoniales  |9 357525 
650 0 |a Separación de bienes  |9 357529 
650 0 |a Hipoteca  |9 255780 
650 0 |a Compraventa  |9 255413 
650 0 |a Arrendamiento  |9 257654 
651 0 |a Francia  |9 255157 
583 |a last modification  |c 19970515 00:00:00  |k Rodrigo Vera 
999 |c 259833  |d 259831 
952 |0 0  |1 0  |4 0  |6 346_440000000000000_PLA_1952  |7 0  |8 X  |9 285296  |a BIBDER  |b BIBDER  |d 2019-11-19  |h v.1  |i 1853112  |o 346.44 PLA 1952  |p 1853112  |r 2023-01-25  |w 2019-11-19  |y BK_X  |k DER 
952 |0 0  |1 0  |4 0  |6 346_440000000000000_PLA_1952  |7 0  |8 X  |9 285297  |a BIBDER  |b BIBDER  |d 2019-11-19  |h v.2  |i 1853120  |o 346.44 PLA 1952  |p 1853120  |r 2023-01-25  |w 2019-11-19  |y BK_X  |k DER 
952 |0 0  |1 0  |4 0  |6 346_440000000000000_PLA_1952  |7 0  |8 X  |9 285298  |a BIBDER  |b BIBDER  |d 2019-11-19  |h v.3  |i 1853139  |o 346.44 PLA 1952  |p 1853139  |r 2023-01-25  |w 2019-11-19  |y BK_X  |k DER 
952 |0 0  |1 0  |4 0  |6 346_440000000000000_PLA_1952  |7 0  |8 X  |9 285299  |a BIBDER  |b BIBDER  |d 2019-11-19  |h v.4  |i 1853147  |o 346.44 PLA 1952  |p 1853147  |r 2023-01-25  |w 2019-11-19  |y BK_X  |k DER 
952 |0 0  |1 0  |4 0  |6 346_440000000000000_PLA_1952  |7 0  |8 X  |9 285300  |a BIBDER  |b BIBDER  |d 2019-11-19  |h v.5  |i 1853155  |o 346.44 PLA 1952  |p 1853155  |r 2023-01-25  |w 2019-11-19  |y BK_X  |k DER 
952 |0 0  |1 0  |4 0  |6 346_440000000000000_PLA_1952  |7 0  |8 X  |9 285301  |a BIBDER  |b BIBDER  |d 2019-11-19  |h v.6  |i 1853163  |o 346.44 PLA 1952  |p 1853163  |r 2023-01-25  |w 2019-11-19  |y BK_X  |k DER 
952 |0 0  |1 0  |4 0  |6 346_440000000000000_PLA_1952  |7 0  |8 X  |9 285302  |a BIBDER  |b BIBDER  |d 2019-11-19  |h v.7  |i 1853171  |o 346.44 PLA 1952  |p 1853171  |r 2023-01-25  |w 2019-11-19  |y BK_X  |k DER 
952 |0 0  |1 0  |4 0  |6 346_440000000000000_PLA_1952  |7 0  |8 X  |9 285303  |a BIBDER  |b BIBDER  |d 2019-11-19  |h v.8  |i 185318K  |o 346.44 PLA 1952  |p 185318K  |r 2023-01-25  |w 2019-11-19  |y BK_X  |k DER 
952 |0 0  |1 0  |4 0  |6 346_440000000000000_PLA_1952  |7 0  |8 X  |9 285304  |a BIBDER  |b BIBDER  |d 2019-11-19  |h v.9  |i 1853198  |o 346.44 PLA 1952  |p 1853198  |r 2023-01-25  |w 2019-11-19  |y BK_X  |k DER 
952 |0 0  |1 0  |4 0  |6 346_440000000000000_PLA_1952  |7 0  |8 X  |9 285305  |a BIBDER  |b BIBDER  |d 2019-11-19  |h v.10  |i 1853201  |o 346.44 PLA 1952  |p 1853201  |r 2023-01-25  |w 2019-11-19  |y BK_X  |k DER 
952 |0 0  |1 0  |4 0  |6 346_440000000000000_PLA_1952  |7 0  |8 X  |9 285306  |a BIBDER  |b BIBDER  |d 2019-11-19  |h v.11  |i 185321K  |o 346.44 PLA 1952  |p 185321K  |r 2023-01-25  |w 2019-11-19  |y BK_X  |k DER 
952 |0 0  |1 0  |4 0  |6 346_440000000000000_PLA_1952  |7 0  |8 X  |9 285307  |a BIBDER  |b BIBDER  |d 2019-11-19  |h v.12  |i 1853228  |o 346.44 PLA 1952  |p 1853228  |r 2023-01-25  |w 2019-11-19  |y BK_X  |k DER 
952 |0 0  |1 0  |4 0  |6 346_440000000000000_PLA_1952  |7 0  |8 X  |9 285308  |a BIBDER  |b BIBDER  |d 2019-11-19  |h v.13  |i 1853236  |o 346.44 PLA 1952  |p 1853236  |r 2023-01-25  |w 2019-11-19  |y BK_X  |k DER 
952 |0 0  |1 0  |4 0  |6 346_440000000000000_PLA_1952  |7 0  |8 X  |9 285309  |a BIBDER  |b BIBDER  |d 2019-11-19  |h v.14  |i 1853244  |o 346.44 PLA 1952  |p 1853244  |r 2023-01-25  |w 2019-11-19  |y BK_X  |k DER